[Event "Bayernliga U20 1112"]
[Site "Bayern"]
[Date "2012.03.10"]
[Round "7.1"]
[White "Walter, Florian"]
[Black "Eicher, Lukas"]
[Result "1-0"]
[WhiteElo "2129"]
[BlackElo "1938"]
[PlyCount "94"]
[EventDate "2011.11.12"]
[EventType "team-swiss"]
[EventRounds "7"]
[EventCountry "GER"]
[SourceTitle "EXT 2022"]
[Source "ChessBase"]
[SourceDate "2021.10.06"]
[SourceVersion "1"]
[SourceVersionDate "2021.10.06"]
[SourceQuality "1"]
[WhiteTeam "Lauf SV U20"]
[BlackTeam "Muenchen Suedost SK U20"]
[WhiteTeamCountry "GER"]
[BlackTeamCountry "GER"]

1. c4 e5 2. Nc3 g6 3. g3 Bg7 4. Bg2 Ne7 5. Nf3 0-0 6. 0-0 c5 7. d3 Nbc6 8. Rb1 d6 9. a3 f5 10. Nd2 Be6 11. Nd5 Qd7 12. b4 f4 13. bxc5 dxc5 14. Ne4 b6 15. Nxe7+ Qxe7 16. Bb2 Rad8 17. Nc3 f3 18. Bxf3 Rxf3 19. Nd5 Bxd5 20. cxd5 Rf6 21. dxc6 c4 22. Qc2 cxd3 23. exd3 Qc7 24. Rfc1 Rc8 25. Qc4+ Kh8 26. Qa6 Rxc6 27. Rxc6 Qxc6 28. Rc1 Qxc1+ 29. Bxc1 Rxc1+ 30. Kg2 Rc7 31. Qa4 Bf6 32. g4 Kg7 33. Kg3 g5 34. Qe4 Kh6 35. Qa8 Kg7 36. f3 Re7 37. Qc6 Rf7 38. Kf2 Be7 39. a4 Bc5+ 40. Kg3 Bd4 41. h4 gxh4+ 42. Kxh4 a5 43. g5 Kf8 44. Qd6+ Ke8 45. Kh5 Rd7 46. Qc6 Kd8 47. Qe4 Re7 1-0

[Event "Bayernliga U20 1112"]
[Site "Bayern"]
[Date "2012.01.21"]
[Round "4.1"]
[White "Eicher, Lukas"]
[Black "Hacker, Jonas"]
[Result "1-0"]
[WhiteElo "1938"]
[BlackElo "2045"]
[PlyCount "93"]
[EventDate "2011.11.12"]
[EventType "team-swiss"]
[EventRounds "7"]
[EventCountry "GER"]
[SourceTitle "EXT 2022"]
[Source "ChessBase"]
[SourceDate "2021.10.06"]
[SourceVersion "1"]
[SourceVersionDate "2021.10.06"]
[SourceQuality "1"]
[WhiteTeam "Muenchen Suedost SK U20"]
[BlackTeam "Buechenbach/Roth U20"]
[WhiteTeamCountry "GER"]
[BlackTeamCountry "GER"]

1. e4 c5 2. Nf3 d6 3. d4 cxd4 4. Nxd4 Nf6 5. f3 e5 6. Nb3 d5 7. exd5 Qxd5 8. Bd3 Be6 9. 0-0 Nc6 10. Nc3 Qd7 11. Qe2 Bxb3 12. axb3 Bc5+ 13. Kh1 0-0-0 14. Bb5 Rhe8 15. Bxc6 Qxc6 16. b4 Bxb4 17. Nb5 Bc5 18. Rxa7 Kb8 19. Ra2 Nd5 20. c4 Nb4 21. Ra4 Qd7 22. Be3 Qd3 23. Rfa1 Na6 24. Qxd3 Rxd3 25. Bxc5 Red8 26. Bg1 Rd2 27. Nc3 Rxb2 28. Rb1 Rxb1 29. Nxb1 Nc5 30. Bxc5 Rd1+ 31. Bg1 Rxb1 32. Ra5 f6 33. g4 Rb4 34. c5 h5 35. h3 Rf4 36. Kg2 hxg4 37. hxg4 Kc7 38. Ra8 Kd7 39. Rg8 g5 40. Rg7+ Kc6 41. Be3 Rc4 42. Rf7 Rc2+ 43. Kg3 Rc3 44. Rxf6+ Kd5 45. Rd6+ Kc4 46. c6 Rxe3 47. c7 1-0

[Event "Bayernliga U20 1112"]
[Site "Bayern"]
[Date "2011.12.03"]
[Round "2.1"]
[White "Eicher, Lukas"]
[Black "Schindlbeck, Tobias"]
[Result "0-1"]
[WhiteElo "1938"]
[BlackElo "2136"]
[PlyCount "54"]
[EventDate "2011.11.12"]
[EventType "team-swiss"]
[EventRounds "7"]
[EventCountry "GER"]
[SourceTitle "EXT 2022"]
[Source "ChessBase"]
[SourceDate "2021.10.06"]
[SourceVersion "1"]
[SourceVersionDate "2021.10.06"]
[SourceQuality "1"]
[WhiteTeam "Muenchen Suedost SK U20"]
[BlackTeam "Ergolding FC U20"]
[WhiteTeamCountry "GER"]
[BlackTeamCountry "GER"]

1. Nf3 Nf6 2. b3 d5 3. Bb2 c5 4. e3 Nc6 5. Bb5 Bf5 6. c4 a6 7. cxd5 axb5 8. dxc6 bxc6 9. 0-0 Bd3 10. Re1 Nd5 11. Ne5 Bg6 12. Nxc6 Qd6 13. Ne5 Nb4 14. d4 Nc2 15. Nxf7 Kxf7 16. Qf3+ Qf6 17. Qxa8 Nxe1 18. Bc3 Nc2 19. dxc5 Qe6 20. Nd2 Nxa1 21. Nf3 Kg8 22. Bxa1 Be4 23. Ng5 Bxa8 24. Nxe6 Kf7 25. Nd4 b4 26. Nc2 e6 27. Bd4 Bxc5 0-1

[Event "Munich OIS op 31st"]
[Site "Munich"]
[Date "2011.09.17"]
[Round "1"]
[White "Deglmann, Ludwig"]
[Black "Eicher, Lukas"]
[Result "1-0"]
[WhiteElo "2329"]
[BlackElo "1969"]
[PlyCount "103"]
[EventDate "2011.09.17"]
[EventType "swiss"]
[EventRounds "9"]
[EventCountry "GER"]
[SourceTitle "CBM 144 Extra"]
[Source "ChessBase"]
[SourceDate "2011.10.28"]
[SourceVersion "1"]
[SourceVersionDate "2011.10.28"]
[SourceQuality "1"]

1. g3 e5 2. c4 g6 3. Bg2 Bg7 4. Nc3 Ne7 5. e4 0-0 6. Nge2 d6 7. 0-0 Nbc6 8. d3 Be6 9. Nd5 Qd7 10. Be3 f5 11. Qd2 Rfe8 12. Rac1 Nd8 13. d4 fxe4 14. Nxe7+ Qxe7 15. d5 Bf5 16. Nc3 Nf7 17. h3 h5 18. Nxe4 Kh7 19. c5 Bh6 20. cxd6 cxd6 21. Rc3 Rec8 22. Rfc1 Rxc3 23. Rxc3 Rc8 24. Rxc8 Bxc8 25. Qc3 Bxe3 26. Qxc8 Bb6 27. h4 Bd8 28. Bf1 Kg7 29. Bd3 b6 30. Kg2 g5 31. Qf5 gxh4 32. Qxh5 hxg3 33. Nxg3 Qg5 34. Qh7+ Kf8 35. Bg6 Qf4 36. Bxf7 Qxf7 37. Qxf7+ Kxf7 38. Kf3 Ke7 39. Kg4 b5 40. Kf5 Bb6 41. Ne4 b4 42. f3 a5 43. b3 Bd8 44. Kg6 Bb6 45. Ng3 Bd8 46. Nf5+ Kd7 47. Kf7 Bc7 48. Ng3 Bb8 49. Ne4 a4 50. Nf6+ Kc7 51. Ke6 Kb6 52. Nd7+ 1-0